Catálogo
 En Linea

Yo también acuso / (Registro nro. 35163)

Detalles MARC
000 -CABECERA
campo de control de longitud fija 01609nam a2200289 a 4500
001 - NÚMERO DE CONTROL
campo de control 000035672
005 - FECHA Y HORA DE LA ÚLTIMA TRANSACCIÓN
campo de control 20240409073643.0
008 - DATOS DE LONGITUD FIJA--INFORMACIÓN GENERAL
campo de control de longitud fija 100908s2011 dr g 000 0dspa d
020 ## - NÚMERO INTERNACIONAL ESTÁNDAR DEL LIBRO
Número Internacional Estándar del Libro 9789945469523
040 ## - FUENTE DE LA CATALOGACIÓN
Centro catalogador/agencia de origen DO-SdBNP
Lengua de catalogación spa
Centro/agencia transcriptor BNPHU
082 ## - NÚMERO DE LA CLASIFICACIÓN DECIMAL DEWEY
Número de clasificación 972.93053
Número de documento/Ítem L256y, 2011
100 1# - ENTRADA PRINCIPAL--NOMBRE DE PERSONA
Nombre de persona Landestoy, Carmita,
Numeración 1880-1988
9 (RLIN) 44737
245 10 - MENCIÓN DE TÍTULO
Título Yo también acuso /
Mención de responsabilidad, etc. Carmita Landestoy ; liminar José Rafael Lantigua ; introducción Bernardo Vega.
250 ## - MENCIÓN DE EDICIÓN
Mención de edición [3a. ed.]
260 ## - PUBLICACIÓN, DISTRIBUCIÓN, ETC.
Lugar de publicación, distribución, etc. Santo Domingo :
Nombre del editor, distribuidor, etc. Nacional,
Fecha de publicación, distribución, etc. 2011.
300 ## - DESCRIPCIÓN FÍSICA
Extensión 240 p. ;
Dimensiones 25 cm.
490 1# - MENCIÓN DE SERIE
Mención de serie Colección especial 30 de mayo: Puerta a la libertad
590 ## - NOTA LOCAL (RLIN)
Nota local Inventariado, 2019/MFF
534 ## - NOTA SOBRE LA VERSIÓN ORIGINAL
Encabezamiento principal del original Yo tambien acuso
Publicación, distribución, etc. del original New York : Azteca Pres, 1946.
Nota sobre el original Originales provistos por Bernardo Vega
505 0# - NOTA DE CONTENIDO CON FORMATO
Información miscelánea Liminar /
Mención de responsabilidad José Rafael Lantigua --
Información miscelánea Introducción /
Mención de responsabilidad Bernardo Vega --
Título A manera de prólogo --
-- Por qué escribo este libro --
-- Consideraciones generales acerca de las dictaduras en América --
-- Tiranía de Trujillo en la República Dominicana --
-- El progreso material --
-- Los monopolios de Trujillo y sus familiares --
-- ¿En qué leyes se apoya Trujillo para permanecer en el poder?
-- La filosofía de Trujillo.
650 #4 - PUNTO DE ACCESO ADICIONAL DE MATERIA--TÉRMINO DE MATERIA
Término de materia o nombre geográfico como elemento de entrada Persecuciones políticas
Subdivisión general República dominicana
9 (RLIN) 44738
651 #4 - PUNTO DE ACCESO ADICIONAL DE MATERIA--NOMBRE GEOGRÁFICO
Nombre geográfico República Dominicana
Subdivisión general Política Y Gobierno
Subdivisión cronológica ERA DE TRUJILLO, 1930-1961
9 (RLIN) 1374
700 1# - PUNTO DE ACCESO ADICIONAL--NOMBRE DE PERSONA
Nombre de persona Lantigua, José Rafael,
Fechas asociadas al nombre 1949-
Numeración 1949-,
Término indicativo de función/relación pról.
9 (RLIN) 1438
700 1# - PUNTO DE ACCESO ADICIONAL--NOMBRE DE PERSONA
Nombre de persona Vega, Bernardo,
Fechas asociadas al nombre 1938 -
Numeración 1938-,
Término indicativo de función/relación intrd.
9 (RLIN) 3222
830 #0 - PUNTO DE ACCESO ADICIONAL DE SERIE-TÍTULO UNIFORME
Título uniforme Colección especial 30 de mayo: Puerta a la libertad
9 (RLIN) 61597
910 ## - DATOS DE OPCIÓN DEL USUARIO (OCLC)
Datos de opción del usuario Validado. Control de calidad EMS
Existencias
Estado de retiro Estado de pérdida Restricciones de uso No para préstamo Código de colección Localización permanente Ubicación/localización actual Ubicación en estantería Fecha de adquisición Número de inventario Total de préstamos Signatura topográfica completa Código de barras Fecha visto por última vez Número de copia Precio válido a partir de Tipo de ítem Koha
        Dominicana de Servicio General General Depósito 08.11.2011 LF1   972.93053 L256y, 2011 35672-30 25.06.2020 e. 3 25.06.2020 Libro y Folleto Colección Dominicana de Servicio
      Excluido de préstamo Patrimonio Dominicano Patrimonio Dominicano Patrimonio Dominicano Depósito 08.11.2011 LF1   972.93053 L256y 2011 35672-10 25.06.2020   25.06.2020 Libro y Folleto Colección Patrimonio Dominicano
      Excluido de préstamo Patrimonio Dominicano Patrimonio Dominicano Patrimonio Dominicano Depósito 08.11.2011 LF1   972.93053 L256y 2011 35672-20 25.06.2020 e. 2 25.06.2020 Libro y Folleto Colección Patrimonio Dominicano
        Dominicana de Servicio Patrimonio Dominicano Patrimonio Dominicano Depósito 17.04.2015 LF1   972.93053 L256y 2011 35672-40 25.06.2020 e. 4 25.06.2020 Libro y Folleto Colección Dominicana de Servicio

Con tecnología Koha